Aerolíneas por diseño de cola - Estadísticas

Estadísticas generales
  • Esta prueba ha sido intentada 1.796 veces
    1.763 desde el último reinicio
  • La puntuación promedio es 11 de 28
Estadísticas de respuestas
Imagen Respuesta % Correcto
Iberia
88%
Ryanair
82%
Emirates
81%
Air Canada
69%
Qatar Airways
61%
American Airlines
60%
Lufthansa
59%
Turkish Airlines
48%
Air France
43%
British Airways
41%
Delta Airlines
41%
Japan Airlines
39%
Qantas
36%
Thai Airways
34%
LATAM
33%
United Airlines
32%
Aeroméxico
31%
Avianca
28%
Hawaiian Airlines
27%
Aeroflot
21%
Etihad Airways
20%
Singapore airlines
19%
Air New Zealand
18%
Alaska Airlines
18%
Air India
16%
Cathay Pacific
14%
Azul Linhas Aéreas
13%
Egyptair
12%
No se encontraron pruebas coincidentes
Distribución de puntuación
Porcentaje de gente con cada puntuación
Porcentaje por número respondido
Historial de tus puntuaciones
No has intentado esta prueba desde el último reinicio